|
|
|
|
| LEADER |
00000cam a2200000 a 4500 |
| 001 |
vtls009856878 |
| 003 |
SK-MaSNL |
| 005 |
20260302010610.0 |
| 008 |
240318s1977 xr a d 000 0 cze |
| 035 |
|
|
|a (SVKBBclas03)vtls000239751
|
| 040 |
|
|
|a SNK
|b slo
|c SNK
|e AACR2
|
| 041 |
1 |
|
|a cze
|h slo
|
| 044 |
|
|
|a xr
|c CZ
|
| 080 |
|
|
|a 547(075.3)
|2 1981
|
| 100 |
1 |
|
|a Fabini, Ján,
|d 1913-1981
|4 aut
|9 122746
|
| 245 |
1 |
0 |
|a Chemie pro internátní střední školy pro pracující
|n 1. díl
|c Ján Fabini ; ze slovenského originálu přel. Dagmar Vořechová ; obrázky nakreslil Otakar Procházka
|
| 250 |
|
|
|a 3. vyd.
|
| 260 |
|
|
|a Praha
|b Státní pedagogické nakladatelství
|c 1977
|
| 300 |
|
|
|a 121 s., [1] voľ. schem. príl.
|b sch., tab.
|c 30 cm
|
| 650 |
0 |
7 |
|a chémia
|2 SNKPH
|9 749
|
| 655 |
|
7 |
|a učebnice stredných škôl
|2 SNKPH
|9 69323
|
| 700 |
1 |
|
|a Vořechová, Dagmar
|4 trl
|9 322328
|
| 700 |
1 |
|
|a Procházka, Otakar
|4 ill
|9 279571
|
| 958 |
|
|
|a OND
|
| 999 |
|
|
|c 1003329
|d 1005259
|
| 952 |
|
|
|a SNK
|b SNK
|y PREZ
|7 0
|p 17A0968029
|o snkSB 25941/1
|i snkKIP 468/78
|0 0
|1 0
|4 0
|d 2014-06-27
|f 1
|l 0
|r 2025-03-28 00:00:00
|w 2026-02-24
|
| 952 |
|
|
|a SNK
|b SNK
|y VYP
|7 0
|o snkSB 25941/1 D1
|i snkKIP 469/78
|0 0
|1 0
|4 0
|d 2014-06-27
|l 0
|r 2026-02-24 12:27:08
|w 2026-02-24
|